000
00203nam a2200073Ia 4500
008
170620s9999 xx 000 0 und d
100
_a
Pathak- P. D. (Hindi)
245
0
_a
Safal Shikshan kala (Hindi)
260
_b
Agra- Vinod Pustak Mandir
999
_c
23718
_d
23718